| 000 | 00882nam#a22003135a#4500 | ||
|---|---|---|---|
| 001 | 1278 | ||
| 008 | 100616s2010####ag#####g######001#0#spa#d | ||
| 245 | 1 | 0 |
_a¡Partidazo! : _blos mejores encuentros de la historia de los mundiales / _cPablo Vignone, Malva Marani y Paula di Crocco. |
| 250 | _a1ª ed. | ||
| 260 |
_aBuenos Aires : _bAlarco, _c2010. |
||
| 300 |
_a128 p. ; _c20 cm. |
||
| 020 | _a9789871367207 | ||
| 100 | 1 | _aVignone, Pablo. | |
| 700 | 1 | _aMarani, Malva. | |
| 700 | 1 | _aDi Crocco, Paula. | |
| 080 | _a796.332 | ||
| 084 | _aV63 | ||
| 653 | _aFútbol | ||
| 653 | _aMundiales de fútbol | ||
| 653 | _aHistoria de los mundiales | ||
| 653 | _aFútbol argentino | ||
| 653 | _aMaradona, Diego Armando | ||
| 653 | _aMundial Sudáfrica | ||
| 653 | _aCopa del mundo | ||
| 040 |
_aAR-ClEAG _cAR-ClEAG |
||
| 005 | 20241107184703.0 | ||
| 003 | AR-ClEAG | ||
| 942 | _cBK | ||
| 999 |
_c1278 _d1278 |
||
| 980 |
_62 _aEvangelina Gallicchio _82 _gEvangelina Gallicchio |
||